Statistiche per I principali paesi produttori n °10

Clicka qui per fare il quiz!

Statistiche generali

  • Questo quiz è stato fatto 52 volte
  • Il punteggio medio è 10 su 20

Statistiche sulle risposte

HintRisposta% Corretto
1Stati Uniti
100%
3Brasile
95%
5Italia
95%
2Cina
93%
5Argentina
88%
4India
86%
1India
86%
1Turchia
74%
1Nigeria
60%
2Iran
56%
4Algeria
40%
5Ecuador
30%
4Filippine
30%
2Ghana
28%
2Ciad
26%
3Costa d'Avorio
21%
4Benin
12%
5Togo
12%
3Uganda
9%
3Uzbekistan
2%

Distribuzione punteggi

Percentile per numero di risposta

Percentuale di utenti per punteggio

I tuoi punteggi nel tempo

Non hai fatto questo quiz